000 01158cam a22002771i 4500
003 SA-RiAUC
005 20250511054407.0
008 250507s1993 xx a g 000 0 ara c
040 _aSA-JeALM
_bara
_cSA-RiAUC
_erda
043 _aa-ir---
082 0 4 _a955
_qSA-RiAUC
090 _a955
_bق ا س
100 1 _aالقاسمي، كاملة بنت الشيخ عبد الله بن علي
_eمؤلف.
245 1 0 _aتاريخ لنجة /
_cكاملة بنت الشيخ عبد الله بن علي القاسمي.
250 _aالطبعة الثانية، مزيدة ومنقحة.
264 1 _a[مكان النشر غير محدد] :
_b[الناشر غير محدد]،
_c1993
300 _a2 مجلد :
_bمصور ؛
_c24 سم
336 _aنص
_btxt
_2rdacontent
_3كتاب
337 _aبدون وسيط
_bn
_2rdamedia
338 _aمجلد
_bnc
_2rdacarrier
500 _aإهداء من ابن المؤلفة محمد عبدالرحيم بتاريخ 1414/5/7 هـ
651 7 _aلنجة (إيران)
_xتاريخ
_2aucsh
651 7 _aلنجة (إيران)
_xحضارة
_2aucsh
942 _2ddc
_cBOOK
_n0
949 _aSA-JeALM
_d250507
_umohamedma123
_n1
999 _c7795
_d7795